| 000 | 00000nam 2200000za 4500 |
| 001 | 9.806544 |
| 003 | CaOODSP |
| 005 | 20221107135922 |
| 007 | cr ||||||||||| |
| 008 | 151127s2000 onc |o f|0| 0 fre d |
| 040 | |aCaOODSP|bfre |
| 043 | |an-cn--- |
| 086 | 1 |aH113-13/2000-1F-PDF |
| 245 | 00|aCadre décisionnel pour l'évaluation et la gestion des risques à l'Agence de réglementation de la lutte antiparasitaire |h[ressource électronique]. |
| 260 | |aOttawa : |bSanté Canada, |c2000. |
| 300 | |a22 p. : |bfig. |
| 490 | 1 |aDocument de principes,|x2368-187X ;|vSPN2000-01 |
| 500 | |aPublié aussi en anglais sous le titre : A decision framework for risk assessment and risk management in the Pest Management Regulatory Agency. |
| 500 | |a« Le 22 décembre 2000. » |
| 692 | 07|2gccst|aPesticide |
| 692 | 07|2gccst|aGestion des risques |
| 710 | 1 |aCanada.|bSanté Canada. |bAgence de réglementation de la lutte antiparasitaire. |
| 775 | 08|tA decision framework for risk assessment and risk management in the Pest Management Regulatory Agency |w(CaOODSP)9.806538 |
| 830 | #0|aDocuments de principes,|x2368-187X ;|vSPN2000-01|w(CaOODSP)9.500870 |
| 856 | 40|qPDF|s224 Ko|uhttps://publications.gc.ca/collections/collection_2015/sc-hc/H113-13-2000-1-fra.pdf |